000 00436nam a2200133Ia 4500
008 230917s9999||||xx |||||||||||||| ||und||
040 _e199363
_aMAIN
041 _aEnglish
082 _a617 K141T
100 _aKapoor, Deepak
245 0 _aComparision of pre-emptive and postoperative inguinal field block with bupivacaine on relief of postoperative pain in patients undergoing inguinal herniorrhaphy
300 _a90 p.
942 _cTH
999 _c86720
_d86720